LEADER 01159nam a2200253 i 4500 001 000000137473 003 CaOOAMICUS 005 20050502000000.0 008 050502s1998 it u000 u ita u 013 $a111248 020 $a88-209-2531-1 040 $aSeMil$bita 245 12$aL'incapacitą di assumere gli oneri essenziali del matrimonio :$b(can. 1095 n. 3) 260 $aCittą del Vaticano :$bLibreria Editrice Vaticana,$c1998. 300 $a214 p. ;$c24 cm. 490 0 $aStudi giuridici ;$v48. 650 4$aMatrimonio canonico - Incapacitą di assumere gli oneri essenziali.$0(OLS)http://semarc/subject/27014 830 0$aStudi giuridici ;$v48.$0(OLS)http://semarc/title/471 850 $aSeMil 852 $aSeMil$W1$xVenegono$y1$m2H VI 48$j91018$B91018$CSeMilBibl$Z2$F97212 $81 961 $aAcquisto: Mescat 996 $6020$a88-209-2531-1$9(OLS)http://semarc/number/125195 996 $6245$aL'incapacitą di assumere gli oneri essenziali del matrimonio :$b(can. 1095 n. 3)$9(OLS)http://semarc/title/200865 996 $6260$aCittą del Vaticano :$bLibreria Editrice Vaticana$9(OLS)http://semarc/publisher/29734 LEADER 00684nam a2200181 i 4500 001 000000242969 003 CaOOAMICUS 005 20150619000000.0 008 150619s1833 it u000 u ita u 013 $a221874 040 $aSeMil$bita 245 10$aTomo 7. 300 $a296 p. 773 0 $tClassici sacri oratori greci, latini, italiani e francesi.$dFirenze : Tipografia della speranza, 1832.$g17$w()17368 773 0 $tCollezione di sacri oratori italiani.$dFirenze : Tipografia della speranza, 1833-1834.$g7$w()32075 850 $aSeMil 852 $aSeMil$W1$xVenegono$y1$m1B III 22 FA$j193315$B193315$CSeMilBibl$Z2$F204105 $8I 996 $6245$aTomo 7$9(OLS)http://semarc/title/194411